000 01015cam a22001814a 4500
005 20250605164347.0
008 250528s ||||||||||||||||||||||||d
035 _a23957
040 _aGR-AtMCL
_bgre
_dGR-AtMCL
_eAACR2
245 1 _aΟδηγός Performance / Πώς Ένα Ελληνικό Agency μπήκε στα FB Success Stories
260 _c2019
520 _aΟδηγός Performance: Πώς Ένα Ελληνικό Agency Μπήκε στα FB Success Stories, Βασική μας Προτεραιότητα είναι το Value for Money, Μια Παγκόσμια e-commerce Πλατφόρμα Μπαίνει στην Ελληνική Αγορά, 'Άριστα' στην Καινοτομία και Έπαινος' στην Πελατοκεντικότητα, Οι Σύγχρονες Ανθρωποκεντρικές στο Προσκήνιο.
700 1 _aΜπούσιας Μιχάλης Κ
_99357
942 _cCR
710 2 _aThe Marketing Week
_99825
999 _c8868
_d8868